The Christian oeconomy /

Bibliographic Details
Uniform Title:Christian economy.
Format: eBook
Language:English
Series:Early American imprints. Evans (1639-1800) ; no. 46411.
Subjects:
Online Access:Evans Digital Edition

MARC

Tag First Indicator Second Indicator Subfields
LEADER 00000cam a2200000 a 4500
001 in00002168021
006 m e d #
007 cr mn mmmmabba
008 830727s1792 vtu s 000 0 eng d
005 20260330214820.3
035 |z w006839 
035 |a MAAR8307272511B 
035 |9 mwa91-13108 
035 |a 334459 
035 |a aas03006839 
040 |a MWA  |c MWA  |e bdrb  |d UtOrBLW 
041 1 |a eng  |h gre 
130 0 |a Christian economy. 
245 1 4 |a The Christian oeconomy /  |c Translated from the original Greek of an old manuscript, found in the island of Patmos, where St. John wrote his book of the Revelation. 
264 3 |a Windsor (Vermont) :  |b Printed and sold by Alden Spooner,  |c M,DCC,XCII. [1792] 
300 |a xii, 1 unnumbered page, 14-43 pages, 1 unnumbered page ;  |c 18 cm. (duodecimo) 
336 |a text  |b txt  |2 rdacontent 
337 |a computer  |b c  |2 rdamedia 
338 |a online resource  |b cr  |2 rdacarrier 
510 4 |a Bristol  |c B7957 
510 4 |a Shipton & Mooney  |c 46411 
510 4 |a McCorison, M.A. Vermont,  |c 224 
530 |a Microform version available in the Readex Early American Imprints series. 
533 |a Electronic text and image data.  |b [Chester, Vt. :  |c Readex, a division of Newsbank, Inc.,  |d 2002-2004.  |e Includes files in TIFF, GIF and PDF formats with inclusion of keyword searchable text.  |f (Early American imprints. First series ; no. 46411). 
500 |a Electronic resource. 
650 0 |a Devotional literature. 
752 |a United States  |b Vermont  |d Windsor. 
830 0 |a Early American imprints.  |n Series I,  |p Evans (1639-1800) ;  |v no. 46411. 
856 4 1 |u http://proxy.library.tamu.edu/login?url=https://opac.newsbank.com/select/evans/46411  |y Evans Digital Edition  |t 0 
999 |a MARS 
999 f f |s 396ca728-bef7-32c2-a675-8d42cff42001  |i 2549ac67-901a-3e76-b6e3-735b0439224a  |t 0 
952 f f |a Texas A&M University  |b College Station  |c Electronic Resources  |s www_evans  |d Available Online  |t 0  |h No information provided 
998 f f |t 0  |l Available Online